=LDR 00000nam 2200000 4500 =001 NUTBA000000000001640 =005 20140508093243.0 =006 =007 =008 =035 ##$$a 0010-051400000000105 =082 ##$$a 420.76 =245 ##$$a bahasa inggris untuk kelas 1 sltp =250 ##$$a pertama =260 ##$$a klaten $bintan pariwara =300 ##$$a 120 hlm =850 ##$$a NBPDMAT =990 ##$$a 21196302/BPAP-NTB/2014